000 01303cam a2200349 a 4500
001 1671314
003 OSt
005 20140310183109.0
008 980904s1999 nyua b 000 0 eng
010 _a 98031344
020 _a9715903282
035 _a(DLC) 98031344
040 _aDLC
_cDLC
_dDLC
050 0 0 _aBX 2161.5
_bR946 1999
082 0 0 _aFIL 242.4
_bR87 1999
100 1 _aRupp, Joyce.
245 1 0 _aYour sorrow is my sorrow :
_bhope and strength in times of suffering /
_cRupp,Joyce ; illustrations by Mary Southard.
260 _aNew York :
_bCrossroad Pub.,
_cc1999.
300 _a181 p. :
_bill. ;
_c21 cm.
504 _aIncludes bibliographical references.
521 _aCollege Students
526 _c1210L to 1700L
541 _j1
562 _eFor Circulation. 1 copy available in the collection
650 0 _aSorrows of the Blessed Virgin Mary, Devotion to.
650 0 _aSuffering
_xReligious aspects
_xCatholic Church.
650 0 _aConsolation.
856 4 2 _3Publisher description
_uhttp://www.loc.gov/catdir/enhancements/fy0834/98031344-d.html
906 _a7
_bcbc
_corignew
_d1
_eocip
_f19
_gy-gencatlg
942 _2lcc
_cBK
_kFIL
999 _c18824
_d18824